000 00652nam a2200277Ia 4500
005 20260320195906.0
008 008 262003s9999 xx 000 0 hin d
020 _a9789389577730
037 _aEBOOK
040 _aCRL
040 _bhin
040 _cCRL
041 _2hin
041 _ahin
084 _qCRL
100 _aअनुपम मिश्र
_91133210
245 0 _aविचार का कपड़ा
250 _a3rd
260 _bRajkamal
260 _c2020
300 _a454
856 _uhttps://ebook.indiaread.in/pdfs/9789389577730.pdf
942 _cEBOOK
999 _c1717040
_d1717040